| 000 | 00955cam a2200289 4500 | ||
|---|---|---|---|
| 008 | 020917n2002 000 0 eng u | ||
| 020 | _a1860815731 | ||
| 035 | _a(Sirsi) u119840 | ||
| 041 | _aeng. | ||
| 050 | _a694.01 | ||
| 100 | _aDoran, S. | ||
| 245 | _aTimber frame dwellings: U-values and Building Regulations | ||
| 260 |
_aLondon _bCRC _c2002 |
||
| 300 |
_a20p. _bill. _c30cm. |
||
| 490 |
_aBRE Digest _vSD2 |
||
| 520 | _aBRE Special Digest. Explains how the requirements of the Building Regulations for Fuel and Power may be satisfied for a dwelling built with timber frame construction. FILED IN BRE DIGEST BOX AFTER BRE DIGEST 468 PT 2. | ||
| 650 | _aTIMBER FRAME CONSTRUCTION | ||
| 650 | _aU-VALUES | ||
| 650 |
_aBUILDING REGULATIONS _96224 |
||
| 650 | _aFUEL CONSERVATION | ||
| 650 | _aPOWER | ||
| 650 | _aCONSERVATION | ||
| 650 | _aENERGY CONSERVATION | ||
| 690 | _aBUILT ENVIRONMENT | ||
| 700 | _aWard, T. | ||
| 942 | _n0 | ||
| 999 |
_c102417 _d102417 |
||